| 000 | 01130 a2200241 4500 | ||
|---|---|---|---|
| 005 | 20080910154519.0 | ||
| 008 | 080910t xxu||||| |||| 00| 0 hin d | ||
| 010 | _aHIN-79516 | ||
| 020 |
_a8181661397 _c125.00 |
||
| 035 | _aHN-51862 | ||
| 037 | _bD.B.Act / pub | ||
| 082 | _aक | ||
| 100 | _aगुप्ता, विवेक | ||
| 245 |
_aसच, तलवार और बूढ़ा आदमी _cविवेक गुप्ता |
||
| 246 |
_aSach,talwar aur boodha aadmi _bby Vivek Gupta |
||
| 260 |
_aदिल्ली _bमेधा बुक्स _c2006 |
||
| 270 |
_aएक्स-11, नवीन शाहदरा _bदिल्ली _e110032 _k22323672 _mmedhabooks@rediffmail.com |
||
| 300 |
_a110पृ _c22 सेमी (सजिल्द) |
||
| 650 | _aहिन्दी कहानियाँ | ||
| 650 | _aHindi Stories | ||
| 942 |
_adpl _cHN _kक / गुप्तावि _2ddc _hक _m गुप्तावि |
||
| 999 |
_c2895 _d2895 |
||